Arte y políticas de identidad
| Corporate Author: | |
|---|---|
| Format: | Electronic Journal |
| Language: | Spanish Portuguese |
| Published: |
Murcia :
Servicio de Publicaciones de la Universidad de Murcia
|
| Subjects: | |
| Online Access: | Full text available from Research Library: 07/01/2014 to present Full text available from PRISMA Database with HAPI Index: 07/01/2014 to 07/31/2016 |
MARC
| LEADER | 00000nas a2200000 a 4500 | ||
|---|---|---|---|
| 001 | ssj0000566847 | ||
| 003 | WaSeSS | ||
| 005 | 20200512172242.0 | ||
| 006 | m d | ||
| 007 | cr n | ||
| 008 | 110713c20099999sp fr p s a| b0spa c | ||
| 010 | |a 2011248041 | ||
| 022 | |a 1989-8452 |l 1989-8452 |y 1889-979X | ||
| 035 | |a (WaSeSS)ssj0000566847 | ||
| 040 | |a NYP |b eng |c NYP |d OCLCQ |d OCLCF |d OCLCO |d CUS |d AU@ |d OCLCO |d WaSeSS | ||
| 041 | 0 | |a spa |a por | |
| 042 | |a pcc | ||
| 050 | 1 | 4 | |a NX7 |
| 210 | 0 | |a Arte polít. identidad |b (Ed. impr.) | |
| 222 | 0 | |a Arte y políticas de identidad |b (Ed. impresa) | |
| 245 | 0 | 0 | |a Arte y políticas de identidad |h [electronic resource]. |
| 260 | |a Murcia : |b Servicio de Publicaciones de la Universidad de Murcia | ||
| 310 | |a Semiannual | ||
| 362 | 1 | |a Began with: Vol. 1 (dic. 2009). | |
| 500 | |a Some issues also have distinctive title. | ||
| 506 | |a License restrictions may limit access. | ||
| 546 | |a Chiefly in Spanish, some articles in Portuguese; abstracts in English, Spanish, and Portuguese. | ||
| 588 | |a Description based on: Vol. 1 (dic. 2009); title from cover. | ||
| 588 | |a Latest issue consulted: Vol. 1 (dic. 2009). | ||
| 650 | 0 | |a Arts |v Periodicals. | |
| 650 | 0 | |a Art and society |v Periodicals. | |
| 650 | 7 | |a Art and society. |2 fast |0 (OCoLC)fst00815432 | |
| 650 | 7 | |a Arts. |2 fast |0 (OCoLC)fst00817721 | |
| 650 | 7 | |a Arts |v Periodicals. | |
| 650 | 7 | |a Art and society |v Periodicals. | |
| 655 | 0 | |a Electronic journals. | |
| 710 | 2 | |a Universidad de Murcia. | |
| 856 | 4 | 0 | |z Full text available from Research Library: 07/01/2014 to present |u https://search.proquest.com/publication/2035770 |
| 856 | 4 | 0 | |z Full text available from PRISMA Database with HAPI Index: 07/01/2014 to 07/31/2016 |u https://search.proquest.com/publication/2040131 |